Stories about maxima and minima /

Guardado en:
Autor Principal: Tikhomirov, V. M. 1934-
Formato: Libro
Idioma:English
Russian
Publicado: Providence, R.I. : [Washington, D.C.] : American Mathematical Society ; Mathematical Association of America, c1990.
Series:Mathematical world, v. 1
Materias:
Etiquetas: Agregar Etiqueta
Sin Etiquetas, Sea el primero en etiquetar este registro!
LEADER 01115pam a2200277 a 4500
001 MAT.inmabb004078
008 901018s1990####riua#####b####000#0#eng##
005 20130402161817.0
245 1 0 |a Stories about maxima and minima /  |c V. M. Tikhomirov ; translated from the Russian by Abe Shenitzer. 
260 |a Providence, R.I. :  |b American Mathematical Society ;  |a [Washington, D.C.] :  |b Mathematical Association of America,  |c c1990. 
300 |a xi, 187 p. :  |b il. ;  |c 26 cm. 
440 0 |a Mathematical world,  |x 1055-9426 ;  |v v. 1 
500 |a Traducción de: Rasskazy o maksimumakh i minimumakh. 
504 |a Incluye referencias bibliográficas (p. 187). 
510 4 |a MR,  |c 92k:49002 
020 |a 0821801651 
100 1 |a Tikhomirov, V. M.  |q (Vladimir Mikhailovich),  |d 1934- 
240 1 0 |a Rasskazy o maksimumakh i minimumakh.  |l Inglés 
650 0 |a Maxima and minima. 
650 0 |a Calculus of variations. 
650 0 |a Mathematical optimization. 
084 |a 49-01 (00A05 26-01 52A40 90C25)  |2 msc2000 
010 |a  90021246  
040 |a DLC  |c DLC  |d DLC 
041 1 |a eng  |h rus 
859 |h 49  |i T568  |p A-8427  |b BIB. MATEMATICA